| 000 | 00448cam a2200169ua 4500 | ||
|---|---|---|---|
| 041 |
_aeng _h |
||
| 082 |
_a425 _bECK/BR |
||
| 100 | _aEckersley, C E . | ||
| 245 |
_aBrighter grammar: An English grammar with exercises / _cC E Eckersley. _hTextual Documents |
||
| 250 |
_a1 / _b. |
||
| 260 |
_aMumbai : _bOrient-Longman Ltd , _c1963. |
||
| 300 | _a112 ; . | ||
| 504 | _a | ||
| 700 | 1 | _aMacaulay, Margaret . | |
| 942 | _cBK | ||
| 999 |
_c8545 _d8545 |
||